| 000 | 01082nam a2200217Ii 4500 | ||
|---|---|---|---|
| 003 | JO-AjNU | ||
| 008 | 230605s9999||||xx |||||||||||||| ||und|| | ||
| 017 | _a2005/3/578 | ||
| 040 |
_aJO-AjNU _bara _erda _cJO-AjNU |
||
| 041 | _aara | ||
| 050 | 1 | 4 | _aK1271.N36.2006 |
| 100 | 3 |
_a النعيمات ، موسى جميل ، إشراف المهدي ، نزية محمد الصادق , _eauthor _912754 |
|
| 245 | 0 | 0 | _aالنظرية العامة للتأمين من المسئولية المدنية مع أستعراض لنصوص تشريعات التأمين الاجباري من المسئولية الناجمة عن استعمال المركبات في كل من التشريع الأردني والمصري والإنجليزي " دراسة مقارنة " |
| 250 | _aط1 | ||
| 264 | 3 | 1 | _aعمان : دار الثقافة ، 2005 |
| 300 | _a432ص | ||
| 336 |
_atext _btxt _2rdacontent |
||
| 337 |
_aunmediated _bn _2rdamedia |
||
| 338 |
_avolume _bnc _2rdacarrier |
||
| 650 | 4 |
_aالقانون المدني -- التأمين -- التعويض -- شركات التأمين _912755 |
|
| 999 |
_aA2995 _c6563 _d6563 |
||